000 00659nam a22002177a 4500
003 UA-OsUOA
001 132610
007 ta
008 20180828b un ||||| |||| 00| 0 ukr d
100 _aРедько О. Ю.
090 _a657
_bР33
942 _cSA
040 _aUA-OsUOA
_bukr
_cUA-OsUOA
_dUA-OsUOA
245 _aОсновні ілюзії щодо ринку аудиту в Україні
300 _aС.93-98
955 _a0
041 _aukr
080 _a657
773 0 _w132604
_tСтатистика України
_dК.
_d2018
_g1
650 7 _a657 Бухгалтерія. Бухгалтерський облік. Рахівництво
_2UDC
999 _c421159
_d421159